000 00707nam a2200229 i 4500
001 179372
003 ES-MaACL
005 20250408063059.0
008 111111s2004 sp |||| | spa d
020 _a84-8191-587-4
080 _a821.134.2-14"19"
100 0 _aTrapiello, Andrés,
_d1953-
_9111233
245 1 3 _aEl gorrión y sus cómplices /
_cAndrés Trapiello.
250 _a1ª ed.
260 _aValencia :
_bPre-Textos,
_c2004.
300 _a51 p. ;
_c15 cm.
490 1 _aEl pájaro solitario ;
_v685
599 _aViñeta, Ramón Gaya.
830 0 _aEl pájaro solitario ;
_v685
_9191091
852 _aES-MaACL
_j2307-F-2
_z. - Donativo M. A. Velasco
999 _c179372
_d179372